|
|
|
|
| LEADER |
03627nam a22005175i 4500 |
| 001 |
978-3-642-54827-7 |
| 003 |
DE-He213 |
| 005 |
20151103123705.0 |
| 007 |
cr nn 008mamaa |
| 008 |
140422s2014 gw | s |||| 0|eng d |
| 020 |
|
|
|a 9783642548277
|9 978-3-642-54827-7
|
| 024 |
7 |
|
|a 10.1007/978-3-642-54827-7
|2 doi
|
| 040 |
|
|
|d GrThAP
|
| 050 |
|
4 |
|a QR180-189.5
|
| 072 |
|
7 |
|a MJCM
|2 bicssc
|
| 072 |
|
7 |
|a MED044000
|2 bisacsh
|
| 082 |
0 |
4 |
|a 616.079
|2 23
|
| 245 |
1 |
0 |
|a High-Dimensional Single Cell Analysis
|h [electronic resource] :
|b Mass Cytometry, Multi-parametric Flow Cytometry and Bioinformatic Techniques /
|c edited by Harris G. Fienberg, Garry P. Nolan.
|
| 264 |
|
1 |
|a Berlin, Heidelberg :
|b Springer Berlin Heidelberg :
|b Imprint: Springer,
|c 2014.
|
| 300 |
|
|
|a X, 215 p. 68 illus., 67 illus. in color.
|b online resource.
|
| 336 |
|
|
|a text
|b txt
|2 rdacontent
|
| 337 |
|
|
|a computer
|b c
|2 rdamedia
|
| 338 |
|
|
|a online resource
|b cr
|2 rdacarrier
|
| 347 |
|
|
|a text file
|b PDF
|2 rda
|
| 490 |
1 |
|
|a Current Topics in Microbiology and Immunology,
|x 0070-217X ;
|v 377
|
| 505 |
0 |
|
|a High Dimensional Single Cell Cancer Biology -- Studying the Human Immunome: The Complexity of Comprehensive Leukocyte Immunophenotyping -- High-dimensional Analysis of Human CD8+ T Cell Phenotype, Function and Antigen-Specificity -- Mass Cytometry to Decipher the Mechanism of Non-genetic Drug Resistance in Cancer -- A Practical Guide to Multiplexed Mass Cytometry -- Analysis of Protein Interactions in situ by Proximity Ligation Assays -- Cytobank: Providing an Analytics Platform for Community Cytometry Data Analysis and Collaboration -- Computational Analysis of High-Dimensional Flow Cytometric Data for Diagnosis and Discovery -- Shooting Movies of Signaling Network Dynamics with Multiparametric Cytometry -- Hyperspectral Cytometry.
|
| 520 |
|
|
|a This volume highlights the most interesting biomedical and clinical applications of high-dimensional flow and mass cytometry. It reviews current practical approaches used to perform high-dimensional experiments and addresses key bioinformatic techniques for the analysis of data sets involving dozens of parameters in millions of single cells. Topics include single cell cancer biology; studies of the human immunome; exploration of immunological cell types such as CD8+ T cells; decipherment of signaling processes of cancer; mass-tag cellular barcoding; analysis of protein interactions by proximity ligation assays; Cytobank, a platform for the analysis of cytometry data; computational analysis of high-dimensional flow cytometric data; computational deconvolution approaches for the description of intracellular signaling dynamics; and hyperspectral cytometry. All 10 chapters of this book have been written by respected experts in their fields. It is an invaluable reference book for both basic and clinical researchers.
|
| 650 |
|
0 |
|a Medicine.
|
| 650 |
|
0 |
|a Cancer research.
|
| 650 |
|
0 |
|a Immunology.
|
| 650 |
|
0 |
|a Bioinformatics.
|
| 650 |
|
0 |
|a Biology
|x Technique.
|
| 650 |
1 |
4 |
|a Biomedicine.
|
| 650 |
2 |
4 |
|a Immunology.
|
| 650 |
2 |
4 |
|a Cancer Research.
|
| 650 |
2 |
4 |
|a Biological Techniques.
|
| 650 |
2 |
4 |
|a Bioinformatics.
|
| 700 |
1 |
|
|a Fienberg, Harris G.
|e editor.
|
| 700 |
1 |
|
|a Nolan, Garry P.
|e editor.
|
| 710 |
2 |
|
|a SpringerLink (Online service)
|
| 773 |
0 |
|
|t Springer eBooks
|
| 776 |
0 |
8 |
|i Printed edition:
|z 9783642548260
|
| 830 |
|
0 |
|a Current Topics in Microbiology and Immunology,
|x 0070-217X ;
|v 377
|
| 856 |
4 |
0 |
|u http://dx.doi.org/10.1007/978-3-642-54827-7
|z Full Text via HEAL-Link
|
| 912 |
|
|
|a ZDB-2-SBL
|
| 950 |
|
|
|a Biomedical and Life Sciences (Springer-11642)
|